90's Grunge & Alternative Songs by Lyrics - Statistics

General Stats
  • This quiz has been taken 874 times
  • The average score is 3 of 15
Answer Stats
Hint Answer % Correct
Take your time, hurry up, the choice is yours, don't be late. Come As You Are - Nirvana
71%
And now my bitter hands chafe beneath the clouds of what was everything. Black - Pearl Jam
59%
All my friends are skeletons, They beat the rhythm with their bones Spoonman - Soundgarden
49%
Know me broken by my master, teach thee on child of love hereafter Would? - Alice in Chains
45%
You know I'm such a fool for you. You got me wrapped around your finger Linger - The Cranberries
42%
And I don't even care to shake these zipper blues 1979 - Smashing Pumpkins
17%
Sleep the day let it fade, who was there to take your place? Comedown - Bush
14%
I could either burn, or cut off my pride and buy some time River of Deceit - Mad Season
13%
How on earth did I get so jaded? Life's mysteries seem so faded Runaway Train - Soul Asylum
11%
But when it's my time to throw the next stone, I'll call you beautiful if I call at all Call Me a Dog - Temple of the Dog
8%
So I want to write my words on the face of today and they'll paint it. Change - Blind Melon
5%
Words and music, my only tools, communication Man of Golden Words - Mother Love Bone
3%
So buckle me in on the highway of sin, 'Cause that's just the way that I wanna be All Uncovered - The Watchmen
2%
Now tell me is it wonderful or were you hoping to find something a little more? Naveed - Our Lady Peace
1%
When this beautiful cult of desire has left you for dead Sister Awake - The Tea Party
1%
No matching quizzes found
Score Distribution
Percent of People with Each Score
Percentile by Number Answered
Your Score History
You have not taken this quiz